| 000 | 00800nac a22002537a 4500 | ||
|---|---|---|---|
| 001 | BR6000261 | ||
| 003 | BR-BrBNA | ||
| 005 | 20240105112945.0 | ||
| 008 | 230509b bl.|||m| |||| 00| 0 por d | ||
| 040 |
_aBR-BrBNA _bpor _cBiblioteca Nacional de Agricultura |
||
| 072 | _aH10; H20 | ||
| 090 | _a2110 BR6000261 | ||
| 100 | 1 | _aMatos, O.A. | |
| 110 | 1 | _aServico de Informacao Agricola, Rio de Janeiro, GB (Brasil) | |
| 245 | 1 | _aCacaueiro. Pragas e doencas [Theobroma cacao] | |
| 260 | 3 |
_aRio de Janeiro, GB (Brasil): _c1960. |
|
| 300 | _a4 p. | ||
| 490 |
_aSerie Educacao Rural - Servico de Informacao Agricola (Brazil) _vno. 12 _x |
||
| 650 | _aPraga de planta | ||
| 650 | _aDoenca de planta | ||
| 650 | _aCacau | ||
| 909 |
_a202312 _bLúcia Elande _c55 _dLúcia Elande |
||
| 942 |
_2AGRIS _n0 _cMS |
||
| 999 |
_c261122 _d261122 |
||